[Event "only more than 2200 points (6 players)"]
[Site "SchemingMind.com"]
[Date "2018.04.12"]
[Round "-"]
[White "frankly"]
[Black "Keithk"]
[Result "1/2-1/2"]
[WhiteCountry "ENG"]
[BlackCountry "ENG"]
[WhiteElo "2620"]
[WhiteRD "70"]
[BlackElo "2468"]
[BlackRD "60"]
[GameID "426931"]

1. e4 e5 2. Nf3 Nc6 3. Bb5 a6 4. Ba4 Nf6 5. O-O Be7 6. Re1 b5 7. Bb3 O-O 8. c3 d6 9. h3 Bb7 10. d4 Re8
11. Nbd2 Bf8 12. a4 h6 13. Bc2 exd4 14. cxd4 Nb4 15. Bb1 c5 16. d5 Nd7 17. Nf1 f5 18. exf5 Rxe1 19. Qxe1 Nxd5 20. axb5 axb5
21. Rxa8 Bxa8 22. Ba2 Kh7 23. Qe2 b4 24. N1h2 Qa5 25. Ng5+ hxg5 26. Nf3 Kh8 27. Nxg5 N7f6 28. Qe6 Qxa2 29. Nf7+ Kh7 30. Ng5+ Kh8
31. Nf7+=
1/2-1/2

[Event "only more than 2200 points (6 players)"]
[Site "SchemingMind.com"]
[Date "2018.04.12"]
[Round "-"]
[White "Keithk"]
[Black "frankly"]
[Result "1/2-1/2"]
[WhiteCountry "ENG"]
[BlackCountry "ENG"]
[WhiteElo "2468"]
[WhiteRD "60"]
[BlackElo "2620"]
[BlackRD "70"]
[GameID "426932"]

1. e4 c5 2. Nf3 Nc6 3. d4 cxd4 4. Nxd4 Nf6 5. Nc3 e5 6. Ndb5 d6 7. Bg5 a6 8. Na3 b5 9. Bxf6 Qxf6 10. Nd5 Qd8
11. c4 Qa5+ 12. Qd2 b4 13. Nc2 h6 14. a3 b3 15. Qxa5 Nxa5 16. Ncb4 Ra7 17. Be2 Bb7 18. Rc1 Nc6 19. Nxc6 Bxc6 20. Rc3 Rb7
21. Bd1 Be7 22. Rxb3 Rxb3 23. Bxb3 Bd8 24. Ke2 Bxd5 25. cxd5 Bb6 26. Ba4+ Ke7 27. b4 Rb8 28. Rb1 Bd4 29. Bc6 a5 30. b5 Bb6
31. f3 h5 32. Kd3 g5 33. h3 Kd8 34. g3 Kc7 35. Rc1 Bd4 36. a4 Rf8 37. Rc2 Bb6 38. Ke2 h4 39. g4 Bc5 40. Kd3 Rb8
41. Ke2 Rc8 42. Kd1 Bb4 43. Ke2 Kb6 44. Kd3 Rc7 45. Rb2 Bc5 46. Rb1 Rc8 47. Rh1 Bb4 48. Rc1 Rf8 49. Bd7 Bc5 50. Rb1 Rd8
51. Bc6 Rg8 52. Kc4 Rc8 53. Rc1 Bf2 54. Kb3 Be3 55. Rc3 Bd4=
1/2-1/2

[Event "only more than 2200 points (6 players)"]
[Site "SchemingMind.com"]
[Date "2018.05.13"]
[Round "-"]
[White "anne"]
[Black "frankly"]
[Result "0-1"]
[WhiteCountry "GER"]
[BlackCountry "ENG"]
[WhiteElo "2212"]
[WhiteRD "87"]
[BlackElo "2602"]
[BlackRD "69"]
[GameID "428214"]

1. Nf3 d5 2. d4 Nf6 3. c4 c6 4. cxd5 cxd5 5. Nc3 a6 6. Bf4 Nc6 7. e3 Bg4 8. h3 Bxf3 9. Qxf3 e6 10. Bd3 Bd6
11. Bg5 Nb4 12. Bb1 Nc6 13. a3 O-O 14. Bxf6 Qxf6 15. Qxf6 gxf6 16. Bd3 Rac8 17. Ke2 Na5 18. Rac1 Nb3 19. Rc2 Kg7 20. g4 Rh8
21. Rg1 Bh2 22. Rh1 Bd6 23. Na4 b5 24. Nc3 Na5 25. h4= h5 26. g5 f5
0-1

[Event "only more than 2200 points (6 players)"]
[Site "SchemingMind.com"]
[Date "2018.05.13"]
[Round "-"]
[White "frankly"]
[Black "anne"]
[Result "1-0"]
[WhiteCountry "ENG"]
[BlackCountry "GER"]
[WhiteElo "2602"]
[WhiteRD "69"]
[BlackElo "2212"]
[BlackRD "87"]
[GameID "428215"]

1. d4 Nf6 2. c4 e6 3. Nf3 Bb4+ 4. Nbd2 b6 5. a3 Bxd2+ 6. Bxd2 Bb7 7. e3 d6 8. b4 Ne4 9. Bc1 O-O 10. Bb2 a5
11. Bd3 f5 12. O-O Qf6 13. Qe2 Qg6 14. Ne1 Nd7 15. f3 Nef6 16. Bc2 e5 17. Nd3 Rfe8 18. dxe5 dxe5 19. Ba4 Qf7 20. c5 bxc5
21. Nxc5 Nxc5 22. bxc5 Ba6 23. Qc2 Reb8 24. Rfc1 e4 25. Bd4 exf3 26. gxf3 Nd5= 27. Kh1
1-0

[Event "only more than 2200 points (6 players)"]
[Site "SchemingMind.com"]
[Date "2018.05.13"]
[Round "-"]
[White "anne"]
[Black "Keithk"]
[Result "0-1"]
[WhiteCountry "GER"]
[BlackCountry "ENG"]
[WhiteElo "2212"]
[WhiteRD "87"]
[BlackElo "2539"]
[BlackRD "60"]
[GameID "428216"]

1. Nf3 Nf6 2. d4 d5 3. c4 e6 4. Nc3 c6 5. Bg5 Be7 6. e3 Nbd7 7. Bd3 O-O 8. O-O dxc4 9. Bxc4 b5 10. Be2 Bb7
11. a3 a6 12. b4 a5 13. Qb3 h6 14. Bh4 Nd5 15. Bxe7 Qxe7 16. Nxd5 exd5 17. a4 Qxb4 18. Qxb4 axb4 19. axb5 b3 20. Rab1 c5
21. dxc5 Nxc5 22. Rfc1 Rfc8 23. Nd2 Ra2 24. Bg4 b2 25. Rc2 Nd7 26. Rcxb2 Rxb2 27. Rxb2 Rc1+ 28. Nf1 Nb6 29. Bf5 Kf8 30. Rc2 Rxc2
31. Bxc2= Bc8
0-1

[Event "only more than 2200 points (6 players)"]
[Site "SchemingMind.com"]
[Date "2018.05.13"]
[Round "-"]
[White "Keithk"]
[Black "anne"]
[Result "1-0"]
[WhiteCountry "ENG"]
[BlackCountry "GER"]
[WhiteElo "2539"]
[WhiteRD "60"]
[BlackElo "2212"]
[BlackRD "87"]
[GameID "428217"]

1. e4 e5 2. Nf3 Nc6 3. Bb5 a6 4. Ba4 Nf6 5. O-O b5 6. Bb3 Bb7 7. c3 Be7 8. d4 d6 9. Re1 O-O 10. Nbd2 exd4
11. cxd4 Na5 12. Bc2 c5 13. d5 Nd7 14. b3 Bf6 15. Rb1 Bc8 16. Nf1 Re8 17. h3 Ne5 18. Nxe5 Bxe5 19. f4 Bd4+ 20. Kh1 g6
21. Nh2 b4 22. f5 Bd7 23. Bd2 Rb8 24. Qf3 Qe7 25. Ng4 Kh8 26. Rf1 Nb7= 27. Qg3 Ra8 28. f6
1-0

[Event "only more than 2200 points (6 players)"]
[Site "SchemingMind.com"]
[Date "2018.07.25"]
[Round "-"]
[White "Apocalypse"]
[Black "frankly"]
[Result "1/2-1/2"]
[WhiteCountry "USA"]
[BlackCountry "ENG"]
[WhiteElo "2441"]
[WhiteRD "102"]
[BlackElo "2538"]
[BlackRD "63"]
[GameID "430580"]

1. d4 Nf6 2. Bg5 Ne4 3. Bf4 c5 4. d5 Qb6 5. Bc1 e6 6. f3 Nf6 7. c4 exd5 8. cxd5 c4 9. Nc3 Bc5 10. e3 d6
11. Bxc4 O-O 12. Nge2 Re8 13. Qb3 Qa5 14. e4 Nbd7 15. Bd2 a6 16. Nf4 Qc7 17. Be2 Ne5 18. Rc1 b5 19. Nd1 Qb6 20. Rc2 Nfd7
21. Be3 Qa5+ 22. Kf2 Bxe3+ 23. Qxe3 Nc5 24. Qd4 Qxa2 25. Ne3 Qa4 26. Rd1 a5 27. Qxa4 bxa4 28. Bb5 Rf8 29. Ne2 f5 30. Nxf5 Bxf5
31. exf5 Rab8 32. Nd4 Rb6 33. f4 Nf7 34. g4 Rfb8 35. Re2 Nh6 36. g5 Nxf5 37. Nxf5 Rxb5 38. Nxd6 Rxb2 39. Rxb2 Rxb2+ 40. Ke3 Rb8
41. Nc4 Rb4 42. Kd4 Nb7 43. Kd3 Nc5+ 44. Kd4 Nb7 45. Kc3 Rb3+ 46. Kd4 Rb4 47. Kc3 Rb3+ 48. Kc2 Rb4 49. Kc3=
1/2-1/2

[Event "only more than 2200 points (6 players)"]
[Site "SchemingMind.com"]
[Date "2018.07.26"]
[Round "-"]
[White "frankly"]
[Black "Apocalypse"]
[Result "1/2-1/2"]
[WhiteCountry "ENG"]
[BlackCountry "USA"]
[WhiteElo "2538"]
[WhiteRD "63"]
[BlackElo "2441"]
[BlackRD "102"]
[GameID "430581"]

1. e4 c5 2. Nf3 d6 3. d4 cxd4 4. Nxd4 Nf6 5. Nc3 g6 6. Be3 Bg7 7. f3 O-O 8. Qd2 Nc6 9. Bc4 Bd7 10. h4 Ne5
11. Bb3 h5 12. O-O-O Rc8 13. Kb1 Nc4 14. Bxc4 Rxc4 15. Nb3 Qc8 16. Bd4 Kh7 17. Bxf6 exf6 18. Na5 Rc5 19. Nb3 Rc4 20. Nd5 Be6
21. Ne3 Bh6 22. Rhe1 f5 23. Qf2 Bxe3 24. Rxe3 fxe4 25. fxe4 Qc7 26. Nd4 Bg4 27. Nf3 Kg7 28. b3 Rc5 29. Rd2 Re8 30. Re1 Bxf3
31. gxf3 Re6 32. Red1 a5 33. a4 Qe7 34. Rd4 b5 35. axb5 Rxb5 36. R1d3 Rb4 37. Rd5 a4 38. Qe1 Rb7 39. b4 Rc7 40. Kb2 Rc4
41. c3 f5=
1/2-1/2

[Event "only more than 2200 points (6 players)"]
[Site "SchemingMind.com"]
[Date "2018.07.25"]
[Round "-"]
[White "Apocalypse"]
[Black "Keithk"]
[Result "1/2-1/2"]
[WhiteCountry "USA"]
[BlackCountry "ENG"]
[WhiteElo "2441"]
[WhiteRD "102"]
[BlackElo "2544"]
[BlackRD "64"]
[GameID "430582"]

1. d4 d5 2. Nf3 Nf6 3. Nc3 g6 4. Bg5 Ne4 5. e3 Nxg5 6. Nxg5 c6 7. Qd2 e5 8. e4 Be7 9. h4 exd4 10. Qxd4 Bf6
11. Qd2 d4 12. Ne2 c5 13. O-O-O O-O 14. Kb1 Nc6 15. f4 Bg4 16. Nf3 h5 17. e5 Bg7 18. Ng3 Nb4 19. c3 Nd5 20. Be2 Ne3
21. Rc1 Qd5 22. cxd4 cxd4 23. Nxd4 Be6 24. b3 Nf5 25. Ngxf5 Bxf5+ 26. Kb2 Rfd8 27. Rhd1 Qxg2 28. Qe3 Bg4 29. Rd2 Bxe2 30. Rxe2 Qg4
31. Nf3 Rac8 32. Rg1 Qf5 33. Qe4 Qxe4 34. Rxe4 Rd3 35. Ng5 Rd2+ 36. Kb1 Rcc2 37. Ra4 a6 38. Ne4 Rb2+ 39. Ka1 Rdc2 40. Rb1 Rxb1+
41. Kxb1 Rh2 42. Rc4 Rxh4 43. Rc8+ Bf8 44. Nf6+ Kg7 45. Ne8+ Kh8 46. Nf6 Kg7 47. Ne8+ Kh6 48. Nd6 Rh1+ 49. Kc2 Kg7 50. Ne8+=
1/2-1/2

[Event "only more than 2200 points (6 players)"]
[Site "SchemingMind.com"]
[Date "2018.07.25"]
[Round "-"]
[White "Keithk"]
[Black "Apocalypse"]
[Result "1/2-1/2"]
[WhiteCountry "ENG"]
[BlackCountry "USA"]
[WhiteElo "2540"]
[WhiteRD "61"]
[BlackElo "2449"]
[BlackRD "90"]
[GameID "430583"]

1. e4 c6 2. c3 d5 3. e5 Bf5 4. d4 e6 5. Bd3 Bxd3 6. Qxd3 Ne7 7. Ne2 a6 8. Be3 Nf5 9. O-O c5 10. Ng3 Nxg3
11. hxg3 Nc6 12. dxc5 Nxe5 13. Qe2 Nc6 14. Nd2 Be7 15. Rfd1 Qc7 16. Nf3 Rd8 17. c4 O-O 18. cxd5 exd5 19. Rab1 Rfe8 20. b4 h6
21. Qd3 d4 22. Bf4 Qd7 23. a4 a5 24. bxa5 Bxc5 25. Bd2 Ba7 26. Re1 Rxe1+ 27. Rxe1 Qc8 28. Rb1 Re8 29. Qb5 Re7 30. Rc1 Qd7
31. a6 Nb8 32. Qxb7 Qxb7 33. axb7 Rxb7 34. a5 f6 35. Kf1 Kf7 36. Bf4 d3 37. Rc7+ Rxc7 38. Bxc7 Nd7 39. Ke1 Ke6 40. Kd2 Bxf2
41. Kxd3 Nf8 42. Nd4+ Kd5 43. Nf5 Kc6 44. Bb8 g6= 45. Nxh6 Nd7 46. Bf4 Kb5 47. Ke4 f5+= 48. Kd3 Bc5= 49. a6 Kxa6 50. Kc4 Bf2=
1/2-1/2

[Event "only more than 2200 points (6 players)"]
[Site "SchemingMind.com"]
[Date "2018.08.02"]
[Round "-"]
[White "Apocalypse"]
[Black "Ilang"]
[Result "0-1"]
[WhiteCountry "USA"]
[BlackCountry "HUN"]
[WhiteElo "2363"]
[WhiteRD "108"]
[BlackElo "2493"]
[BlackRD "80"]
[GameID "430962"]

1. f4 d5 2. Nf3 Nf6 3. b3 g6 4. Bb2 Bg7 5. g3 O-O 6. Bg2 c5 7. e3 Nc6 8. O-O Bf5 9. Na3 a6 10. Qe2 b5
11. d3 Rc8 12. Rae1 Qa5 13. Ra1 d4 14. e4 Bd7 15. Nb1 Ng4 16. a4 Qc7 17. axb5 axb5 18. Bc1 Ra8 19. Ra3 b4 20. h3 bxa3
0-1

[Event "only more than 2200 points (6 players)"]
[Site "SchemingMind.com"]
[Date "2018.08.01"]
[Round "-"]
[White "Ilang"]
[Black "Apocalypse"]
[Result "1-0"]
[WhiteCountry "HUN"]
[BlackCountry "USA"]
[WhiteElo "2493"]
[WhiteRD "80"]
[BlackElo "2363"]
[BlackRD "108"]
[GameID "430963"]

1. e4 c5 2. Nf3 d6 3. d4 cxd4 4. Nxd4 Nf6 5. Nc3 g6 6. Be3 Bg7 7. f3 O-O 8. Qd2 Nc6 9. O-O-O Bd7 10. g4 h5
11. h3 a6 12. Rg1 h4 13. Kb1 Nxd4 14. Bxd4 Bc6 15. Bd3 Nd7 16. Bxg7 Kxg7 17. g5 Qb6 18. f4 Rae8 19. f5 Qc5 20. Rg4
1-0

[Event "only more than 2200 points (6 players)"]
[Site "SchemingMind.com"]
[Date "2018.07.31"]
[Round "-"]
[White "Ilang"]
[Black "frankly"]
[Result "1/2-1/2"]
[WhiteCountry "HUN"]
[BlackCountry "ENG"]
[WhiteElo "2493"]
[WhiteRD "80"]
[BlackElo "2583"]
[BlackRD "67"]
[GameID "430966"]

1. e4 e5 2. Nf3 Nc6 3. Bb5 Nf6 4. Nc3 Bb4 5. O-O O-O 6. d3 d6 7. Bg5 Bxc3 8. bxc3 Qe7 9. Re1 Nd8 10. d4 Bg4
11. h3 Bh5 12. Rb1 Ne6 13. Bh4 g5 14. Bg3 c6 15. Bf1 Nf4 16. c4 b6 17. Rb3 h6 18. a4 Rfd8 19. Qa1 Nd7 20. a5 Rab8
21. Ra3 b5 22. cxb5 cxb5 23. Nd2 exd4 24. Qxd4 a6 25. Qe3 Qf6 26. Raa1 Rdc8 27. Rac1 Kh7 28. f3 Rc3 29. Qa7 Qd8 30. Nb3 Qc8
31. Qf2=
1/2-1/2

[Event "only more than 2200 points (6 players)"]
[Site "SchemingMind.com"]
[Date "2018.08.01"]
[Round "-"]
[White "frankly"]
[Black "Ilang"]
[Result "1-0"]
[WhiteCountry "ENG"]
[BlackCountry "HUN"]
[WhiteElo "2583"]
[WhiteRD "67"]
[BlackElo "2493"]
[BlackRD "80"]
[GameID "430967"]

1. d4 e6 2. c4 Nf6 3. Nf3 d5 4. Nc3 c6 5. Bg5 dxc4 6. e4 b5 7. e5 h6 8. Bh4 g5 9. Nxg5 hxg5 10. Bxg5 Nbd7
11. exf6 Bb7 12. g3 c5 13. d5 Nxf6 14. Bg2 Bh6 15. Bxf6 Qxf6 16. O-O O-O-O 17. Nxb5 a6 18. Nc3 exd5 19. Na4 Bc6 20. Re1 Bf8
21. b3 c3 22. Qd3 c4 23. Qxc3 Qxc3 24. Nxc3 d4 25. Bxc6 dxc3 26. Re2 cxb3 27. axb3 Rh6 28. Rxa6 Rd1+ 29. Kg2 Kc7 30. Bb5 Rxa6
31. Bxa6 Rb1 32. Rc2 Bg7 33. Bc4 Rb2 34. Rxb2 cxb2 35. Bd3 Bf8 36. h4 Kd6 37. Kf3 Ke6 38. g4 Kf6 39. g5+ Kg7 40. Kg3 Bb4
41. h5 Bd2 42. Kg4 Kh8 43. f4 Bc3 44. Bb1 Bb4 45. h6 Bd2 46. Kf5 Bc3 47. g6 fxg6+ 48. Kxg6
1-0

[Event "only more than 2200 points (6 players)"]
[Site "SchemingMind.com"]
[Date "2018.07.31"]
[Round "-"]
[White "Ilang"]
[Black "Keithk"]
[Result "1/2-1/2"]
[WhiteCountry "HUN"]
[BlackCountry "ENG"]
[WhiteElo "2493"]
[WhiteRD "80"]
[BlackElo "2529"]
[BlackRD "59"]
[GameID "430968"]

1. e4 e5 2. Nf3 Nc6 3. Bb5 a6 4. Ba4 Nf6 5. O-O Be7 6. Re1 b5 7. Bb3 O-O 8. c3 d5 9. exd5 Nxd5 10. Nxe5 Nxe5
11. Rxe5 c6 12. Re1 Bd6 13. d4 Qh4 14. g3 Qh3 15. Re4 g5 16. Qf1 Qxf1+ 17. Kxf1 Bf5 18. Nd2 Kg7 19. f3 a5 20. Re1 a4
21. Bxd5 cxd5 22. Kf2 Rae8 23. Nf1 Rxe1 24. Kxe1 f6 25. Bd2 Be6 26. Ne3 h5 27. Kf2 Kf7 28. Ng2 Bh3 29. Ne3 Be6 30. Ng2 Bh3
31. Ne3 Be6 32. Ng2 Bh3
1/2-1/2

[Event "only more than 2200 points (6 players)"]
[Site "SchemingMind.com"]
[Date "2018.07.31"]
[Round "-"]
[White "Keithk"]
[Black "Ilang"]
[Result "1/2-1/2"]
[WhiteCountry "ENG"]
[BlackCountry "HUN"]
[WhiteElo "2529"]
[WhiteRD "59"]
[BlackElo "2493"]
[BlackRD "80"]
[GameID "430969"]

1. d4 e6 2. e4 d5 3. Nc3 Nf6 4. e5 Nfd7 5. f4 c5 6. Nf3 Nc6 7. Be3 Be7 8. Qd2 O-O 9. dxc5 Bxc5 10. O-O-O Qb6
11. Nd4 Nxd4 12. Bxd4 Bxd4 13. Qxd4 Qxd4 14. Rxd4 a6 15. b3 b6 16. Kb2 Bb7 17. g3 b5 18. Be2 Rfc8 19. Rc1 Bc6 20. h4 g6
21. h5 Kf8 22. Bf3 a5 23. a3 Rab8 24. h6 Ke7 25. Ne2 g5 26. Rdd1 Nc5 27. Nd4 Bd7 28. f5 exf5 29. Bxd5 Ne4 30. Bxe4 fxe4=
31. Re1 f5 32. exf6+ Kxf6 33. Rxe4 Re8 34. Rxe8 Rxe8 35. c4 bxc4 36. bxc4 Re4 37. Nb3 Re2+ 38. Rc2 Re3 39. Rc3 Re2+ 40. Kc1 Rh2
41. Nxa5 Rxh6 42. c5 Ke7 43. c6 Bc8 44. Kc2 Rh2+ 45. Kb3 Kd6 46. c7 h5 47. Rc6+ Kd7 48. Rc5 Kd6 49. Rxg5 Kxc7 50. Rg7+ Kd6
51. Nc4+ Kc6 52. Rg6+ Kc7 53. Ne3 h4=
1/2-1/2

[Event "only more than 2200 points (6 players)"]
[Site "SchemingMind.com"]
[Date "2018.11.04"]
[Round "-"]
[White "Apocalypse"]
[Black "Ramesh Panwar"]
[Result "1/2-1/2"]
[WhiteCountry "USA"]
[BlackCountry "IND"]
[WhiteElo "2375"]
[WhiteRD "75"]
[BlackElo "2570"]
[BlackRD "67"]
[GameID "434077"]

1. e4 e5 2. Nc3 Nf6 3. f4 d5 4. exd5 Nxd5 5. fxe5 Nxc3 6. bxc3 Qh4+ 7. Ke2 Nc6 8. Qe1 Qe4+ 9. Kf2 Qxc2 10. Be2 f6
11. exf6 Bc5+ 12. d4 Nxd4 13. f7+ Kxf7 14. cxd4 Bxd4+ 15. Be3 Bxe3+ 16. Kxe3 Qc5+ 17. Kf3 Rf8 18. Kg3 Kg8 19. Nf3 Qd6+ 20. Kf2 Qd4+
21. Kf1 Be6 22. h4 Rae8 23. Qd1 Qf4 24. Qc2 Bd5 25. Re1 c6 26. Qc5 b5 27. Rh3 h6 28. Qc1 Qd6 29. Qd2 Re4 30. Rd1 Qc5
31. Bd3 Ra4 32. Qc1 Qxc1 33. Rxc1 Ra3 34. Bb1 Bxa2 35. Bxa2+=
1/2-1/2

[Event "only more than 2200 points (6 players)"]
[Site "SchemingMind.com"]
[Date "2018.11.04"]
[Round "-"]
[White "Ramesh Panwar"]
[Black "Apocalypse"]
[Result "1/2-1/2"]
[WhiteCountry "IND"]
[BlackCountry "USA"]
[WhiteElo "2570"]
[WhiteRD "67"]
[BlackElo "2375"]
[BlackRD "75"]
[GameID "434078"]

1. d4 Nf6 2. c4 e6 3. Nc3 Bb4 4. e3 b6 5. Ne2 Ne4 6. Bd2 Nxd2 7. Qxd2 Bb7 8. d5 Na6 9. a3 Bxc3 10. Nxc3 Nc5
11. Rd1 a5 12. Be2 O-O 13. b4 axb4 14. axb4 Na4 15. O-O Nxc3 16. Qxc3 d6 17. Bf3 Qe7 18. e4 Qf6 19. Qxf6 gxf6 20. Ra1 Kg7
21. h4 Kg6 22. g4 f5 23. exf5+ exf5 24. g5 Rxa1 25. Rxa1 f6 26. Re1 Bc8 27. Re7 fxg5 28. hxg5 Kxg5 29. Rxc7 Kf4 30. Bg2 Ke5
31. Bh3 Rd8 32. Rc6 b5 33. cxb5 Bd7=
1/2-1/2

[Event "only more than 2200 points (6 players)"]
[Site "SchemingMind.com"]
[Date "2018.10.30"]
[Round "-"]
[White "Ilang"]
[Black "Ramesh Panwar"]
[Result "1/2-1/2"]
[WhiteCountry "HUN"]
[BlackCountry "IND"]
[WhiteElo "2482"]
[WhiteRD "83"]
[BlackElo "2493"]
[BlackRD "87"]
[GameID "434079"]

1. e4 e5 2. Nf3 Nc6 3. Bb5 a6 4. Ba4 Nf6 5. O-O Be7 6. Re1 b5 7. Bb3 d6 8. c3 O-O 9. h3 h6 10. d4 Re8
11. Nbd2 exd4 12. cxd4 Na5 13. Bc2 c5 14. d5 Nd7 15. Rb1 Bf6 16. b3 Nb7 17. Bd3 Nb6 18. Nf1 Nd7 19. Ng3=
1/2-1/2

[Event "only more than 2200 points (6 players)"]
[Site "SchemingMind.com"]
[Date "2018.10.30"]
[Round "-"]
[White "Ramesh Panwar"]
[Black "Ilang"]
[Result "1/2-1/2"]
[WhiteCountry "IND"]
[BlackCountry "HUN"]
[WhiteElo "2493"]
[WhiteRD "87"]
[BlackElo "2482"]
[BlackRD "83"]
[GameID "434080"]

1. e4 e5 2. Nf3 Nc6 3. Bb5 a6 4. Ba4 Nf6 5. O-O Be7 6. Re1 b5 7. Bb3 d6 8. c3 O-O 9. d4 Bg4 10. d5 Na5
11. Bc2 c6 12. h3 Bc8 13. dxc6 Qc7 14. Nbd2 Qxc6 15. Nf1 Be6 16. Ng3 Rfc8 17. Rb1 Rab8 18. Nh4 Bf8 19. Nhf5 Nd7 20. Bg5 f6=
1/2-1/2

[Event "only more than 2200 points (6 players)"]
[Site "SchemingMind.com"]
[Date "2018.10.30"]
[Round "-"]
[White "anne"]
[Black "Ramesh Panwar"]
[Result "0-1"]
[WhiteCountry "GER"]
[BlackCountry "IND"]
[WhiteElo "1997"]
[WhiteRD "85"]
[BlackElo "2529"]
[BlackRD "71"]
[GameID "434081"]

1. e4 e5 2. Nf3 Nc6 3. Bb5 a6 4. Bxc6 dxc6 5. h3 f6 6. a3 c5 7. c3 Qd3 8. Qe2 c4 9. a4 Be6 10. b3 Qc2
11. O-O Qxb3 12. Rd1 O-O-O 13. Ne1 Bc5 14. Na3 Qxa4 15. Nac2 Qc6 16. Ba3 Bxa3 17. Rxa3 Ne7 18. Rb1 Rd6
0-1

[Event "only more than 2200 points (6 players)"]
[Site "SchemingMind.com"]
[Date "2018.10.30"]
[Round "-"]
[White "Ramesh Panwar"]
[Black "anne"]
[Result "1-0"]
[WhiteCountry "IND"]
[BlackCountry "GER"]
[WhiteElo "2529"]
[WhiteRD "71"]
[BlackElo "1997"]
[BlackRD "85"]
[GameID "434082"]

1. d4 d5 2. c4 dxc4 3. Nf3 Nf6 4. e3 Bg4 5. Bxc4 e6 6. h3 Bxf3 7. Qxf3 c6 8. O-O Bd6 9. e4 Bc7 10. e5 Qxd4
11. exf6 Qxc4 12. fxg7 Rg8 13. Nc3 Qh4 14. Rd1 Rxg7 15. Ne4 Rg6 16. Rd4 Qe7 17. Bg5 Rxg5 18. Nf6+
1-0

[Event "only more than 2200 points (6 players)"]
[Site "SchemingMind.com"]
[Date "2018.10.30"]
[Round "-"]
[White "frankly"]
[Black "Ramesh Panwar"]
[Result "1/2-1/2"]
[WhiteCountry "ENG"]
[BlackCountry "IND"]
[WhiteElo "2538"]
[WhiteRD "63"]
[BlackElo "2529"]
[BlackRD "71"]
[GameID "434083"]

1. d4 Nf6 2. c4 e6 3. Nf3 b6 4. g3 Bb7 5. Bg2 Bb4+ 6. Bd2 Bxd2+ 7. Qxd2 O-O 8. Nc3 d5 9. cxd5 exd5 10. Rc1 Re8
11. O-O Nbd7 12. Nb5 c5 13. dxc5 bxc5 14. Nd6 Ne4 15. Nxb7 Nxd2 16. Nxd8 Nxf1 17. Nc6 Nxg3 18. hxg3 Rxe2 19. b4 cxb4 20. Nfd4 Rd2=
21. Nb3 Rb2 22. Bxd5 Re8 23. Nba5 g6 24. Nc4 Rbe2 25. Kf1 Nf6 26. Nxb4 Ng4 27. Nd3 R8e7 28. a3 h5 29. Rc3 Ra2 30. Ncb2 Ra1+
31. Kg2 Kg7 32. Bf3 Nh6 33. Kh3 Nf5 34. Bd5 Rd7 35. Bg2=
1/2-1/2

[Event "only more than 2200 points (6 players)"]
[Site "SchemingMind.com"]
[Date "2018.10.30"]
[Round "-"]
[White "Ramesh Panwar"]
[Black "frankly"]
[Result "1/2-1/2"]
[WhiteCountry "IND"]
[BlackCountry "ENG"]
[WhiteElo "2529"]
[WhiteRD "71"]
[BlackElo "2538"]
[BlackRD "63"]
[GameID "434084"]

1. e4 e5 2. Nf3 Nc6 3. Bb5 a6 4. Ba4 Nf6 5. O-O Be7 6. Re1 b5 7. Bb3 Bb7 8. d4 Nxd4 9. Bxf7+ Kf8 10. Nxe5 d6
11. Qxd4 dxe5 12. Qxd8+ Rxd8 13. Bb3 Nxe4 14. f3 Nc5 15. Nc3 Bh4 16. Rf1 Be7 17. Be3 Rd7 18. Rac1 Nxb3 19. cxb3 Kf7 20. Ne4 Rc8
21. Nc5 Bxc5 22. Rxc5 Bd5 23. b4 Rg8 24. h4 Kg6 25. Kf2 Rf8 26. b3 c6 27. Rh1 h5 28. Re1 e4 29. f4 Kf5 30. g3 Kg4
31. Bd4 Re8 32. Ke3 Rf8=
1/2-1/2

[Event "only more than 2200 points (6 players)"]
[Site "SchemingMind.com"]
[Date "2018.10.30"]
[Round "-"]
[White "Ramesh Panwar"]
[Black "Keithk"]
[Result "1/2-1/2"]
[WhiteCountry "IND"]
[BlackCountry "ENG"]
[WhiteElo "2529"]
[WhiteRD "71"]
[BlackElo "2544"]
[BlackRD "64"]
[GameID "434085"]

1. e4 e5 2. Nf3 Nc6 3. Bb5 a6 4. Ba4 Nf6 5. O-O Be7 6. Re1 b5 7. Bb3 O-O 8. c3 d5 9. exd5 Nxd5 10. a4 Be6
11. Nxe5 Nxe5 12. Rxe5 Bf6 13. Re1 Re8 14. Bc2 b4 15. Be4 Qd7 16. d4 Bf5 17. Bxf5 Qxf5 18. Rf1 h6 19. Bd2 Rad8 20. Qf3 Qg6
21. cxb4 Bxd4 22. Na3 Bxb2 23. Ra2 Bd4 24. b5 Bc5 25. Nc4 axb5 26. axb5 Re4 27. Rc2= Rb8 28. Ne5 Bxf2+ 29. Rxf2 Rxe5 30. Rc5 Qe6
31. h3 f6 32. Bc3 Nxc3 33. Qxc3 Rxb5 34. Rxb5 Rxb5 35. Qxc7 Rb1+ 36. Kh2 Rd1 37. Rb2 Rd7 38. Qc8+ Kh7 39. Qc2+ g6 40. h4 Kg7
41. g3 Re7 42. Qd3 Qe5 43. Rd2 Qc5 44. Re2 Rxe2+ 45. Qxe2 h5 46. Qe8 Qf2+ 47. Kh1 Qa7 48. Kh2 Qc7=
1/2-1/2

[Event "only more than 2200 points (6 players)"]
[Site "SchemingMind.com"]
[Date "2018.10.30"]
[Round "-"]
[White "Keithk"]
[Black "Ramesh Panwar"]
[Result "1/2-1/2"]
[WhiteCountry "ENG"]
[BlackCountry "IND"]
[WhiteElo "2562"]
[WhiteRD "65"]
[BlackElo "2493"]
[BlackRD "87"]
[GameID "434086"]

1. e4 e5 2. Nf3 Nc6 3. Bb5 a6 4. Ba4 Nf6 5. O-O Be7 6. Re1 b5 7. Bb3 d6 8. c3 O-O 9. h3 Re8 10. d4 Bb7
11. Nbd2 Bf8 12. a4 exd4 13. cxd4 h6 14. Bc2 Nb4 15. Bb1 c5 16. d5 g6 17. Nf1 Bg7 18. Ra3 Nd7 19. a5 Rc8 20. Re2 c4
21. Qe1 Nd3 22. Bxd3 cxd3 23. Rxd3 Nc5 24. Rde3 Na4 25. b4 Qc7 26. Ba3 Qc4 27. h4 h5 28. Ng5 Rf8 29. Nd2 Qa2 30. Nf1 Rc2
31. Rxc2 Qxc2 32. Bc1 Rc8 33. Bd2 Nb2 34. Rg3 Nc4 35. Bc3 Ne5 36. Bxe5 Bxe5 37. Rf3 f6 38. Ne6 Qb2= 39. Qe3 Rc1 40. Qh6 Rxf1+
41. Kxf1=
1/2-1/2